000 01721nam2a2200337 4500
001 RU\NLR\DIGIT\115177
005 20260204000000.0
035 _a(NLR Aleph) 010161524
090 _a10101794
_c10101794
100 _a20120511d1956 u y0rusy50 ca
101 0 _arus
102 _aRU
135 _acrgn 008aaada
200 0 _aСтатьи и рецензии. 1846-1848
_f[Тексты подгот. и коммент. к ним сост. Е.И. Кийко и др. Ред. Е.Г. Дементьев]
210 _d1956
215 _a474 с., 5 л. ил.
325 _aКопия доступна в Электрон. б-ке РНБ http://vivaldi.nlr.ru/bx000030177/view
461 0 _1001RU\NLR\DIGIT\115963
_12001#$aПолное собрание сочинений$eВ 13 т.$vТ. 10
_910101764
_aБелинский, В.Г. (1811-1848)
_cМ.
_d1953
_fВ.Г. Белинский
_nИзд-во Акад наук СССР
_oВ 13 т.
_tПолное собрание сочинений
_vТ. 10
702 1 _aКийко
_bЕ.И.
_4570
702 1 _4340
_7ca
_8rus
_aДементьев
_bА. Г.
_f1904-1986
_gАлександр Григорьевич
_9227516
_3RU\NLR\AUTH\770227572
801 2 _aRU
_bNLR
_c20120604
_2rusmarc
830 _aВ цифр. копии отсутств.: тит. л., с. 1-4, 419-474
852 _aNLR
_jЛ20 Г-5/370
856 0 _uhttp://vivaldi.nlr.ru/bx000030177/view
856 1 _uhttp://vivaldi.nlr.ru/bx000030177/cover
856 2 _uhttp://vivaldi.nlr.ru/bx000030177/text
942 _cBOOK
980 _aNB
981 3 3 _a(33) Художественная литература
_b(33) Отечественная литература